|
|
|
|
| LEADER |
00000nab#a22000007a#4500 |
| 001 |
arbauad004374 |
| 003 |
AR-BaUAD |
| 005 |
20250711110632.0 |
| 008 |
940614|||||||||###||||||b###|0###a|spa|| |
| 040 |
|
|
|a AR-BaUAD
|c AR-BaUAD
|b spa
|
| 100 |
|
|
|a Firszt, Natalio
|
| 245 |
|
|
|a Puerto Madero :
|b la ciudad violada /
|c Natalio Firszt;
|
| 653 |
|
|
|a PUERTO MADERO
|
| 773 |
0 |
|
|t Revista SCA
|g no. 152 [mayo-jun. 1991], p.42-43
|
| 942 |
|
|
|c ARTI
|
| 952 |
|
|
|0 0
|1 0
|4 0
|7 0
|9 49294
|a AR-BAuAD
|b AR-BAuAD
|d 2025-07-11
|l 0
|p AAQA004374
|r 2025-07-11 11:06:32
|w 2025-07-11
|y ARTI
|
| 990 |
|
|
|a U199
|b TD
|
| 998 |
|
|
|a AAQ
|b BIBUN76
|
| 999 |
|
|
|c 28967
|d 28967
|